| Tag |
First Indicator |
Second Indicator |
Subfields |
| LEADER |
00000pam a2200000 a 4500 |
| 001 |
in00000078947 |
| 005 |
20151008055150.0 |
| 008 |
810515m19829999inu b 00110 eng |
| 010 |
|
|
|a 81047629
|z 81006473
|
| 020 |
|
|
|a 0253328128 (v. 1)
|
| 035 |
|
|
|a (OCoLC)07554913
|
| 035 |
|
|
|9 AAJ2729AM
|
| 039 |
0 |
|
|a 2
|b 3
|c 3
|d 3
|e 3
|
| 040 |
|
|
|a DLC
|c DLC
|d TXA
|d UtOrBLW
|
| 041 |
1 |
|
|a eng
|a ita
|
| 049 |
|
|
|a TXAM
|c [1442494]
|
| 050 |
0 |
0 |
|a HX15
|b .S8513
|
| 240 |
1 |
0 |
|a Storia del Marxismo.
|l English
|
| 245 |
0 |
4 |
|a The History of Marxism /
|c edited by Eric J. Hobsbawm...[et.al.].
|
| 264 |
|
1 |
|a Bloomington :
|b Indiana University Press,
|c [1982-]
|
| 264 |
|
4 |
|c ©1982-
|
| 300 |
|
|
|a volumes ;
|c 24 cm.
|
| 336 |
|
|
|a text
|b txt
|2 rdacontent
|
| 337 |
|
|
|a unmediated
|b n
|2 rdamedia
|
| 338 |
|
|
|a volume
|b nc
|2 rdacarrier
|
| 500 |
|
|
|a Translation of: Storia del Marxismo.
|
| 504 |
|
|
|a Includes bibliographical references and index.
|
| 505 |
1 |
|
|a v. 1. Marxism in Marx's day --
|
| 650 |
|
0 |
|a Socialism
|x History.
|
| 650 |
|
0 |
|a Communism
|x History.
|
| 700 |
1 |
|
|a Hobsbawm, E. J.
|q (Eric J.),
|d 1917-2012.
|
| 999 |
|
|
|a MARS
|
| 999 |
f |
f |
|s 8fcdb8fd-c41e-31a5-9485-e6efe11988cb
|i 4ade8e93-ea9e-3aa0-8787-7c61d627f13a
|t 0
|
| 952 |
f |
f |
|p normal
|a Texas A&M University
|b College Station
|c Sterling C. Evans Library
|d Evans: Library Stacks
|t 0
|e HX15 .S8513
|h Library of Congress classification
|i unmediated -- volume
|m A14806147417
|
| 998 |
f |
f |
|a HX15 .S8513
|t 0
|l Evans: Library Stacks
|